[Event "Wch FIDE Online U18 America qual"]
[Site "Tornelo INT"]
[Date "2020.12.03"]
[Round "4"]
[White "Noritsyn, Sergey"]
[Black "Suarez, Pedro Martin"]
[Result "1/2-1/2"]
[WhiteElo "1923"]
[BlackElo "2070"]
[PlyCount "78"]
[EventDate "2020.12.01"]
[EventType "swiss (rapid)"]
[EventRounds "7"]
[EventCountry "ISS"]
[SourceTitle "EXT 2022"]
[Source "ChessBase"]
[SourceDate "2021.10.06"]
[SourceVersion "1"]
[SourceVersionDate "2021.10.06"]
[SourceQuality "1"]

1. e4 e6 2. Nf3 d5 3. e5 c5 4. c3 Nc6 5. d4 Qb6 6. a3 Nh6 7. b4 cxd4 8. cxd4 Nf5 9. Be3 f6 10. b5 Nxe5 11. dxe5 Nxe3 12. fxe3 Qxe3+ 13. Be2 Bc5 14. exf6 0-0 15. Rf1 Rxf6 16. Qd2 Qb3 17. Nc3 a6 18. bxa6 bxa6 19. Rb1 Qxa3 20. Nxd5 Rf8 21. Ne5 Rxf1+ 22. Kxf1 Qa4 23. Nc7 Ra7 24. Qd8+ Bf8 25. Qxc8 Qf4+ 26. Bf3 Qxe5 27. Nxe6 Rf7 28. Rb8 Qa1+ 29. Kf2 Qa2+ 30. Kg3 Qa3 31. Nxf8 Qd6+ 32. Kh3 Qh6+ 33. Kg3 Qf4+ 34. Kf2 Qd2+ 35. Kf1 Qd1+ 36. Kf2 Qd2+ 37. Kg3 Qf4+ 38. Kh3 Qh6+ 39. Kg3 Qf4+ 1/2-1/2

[Event "Wch FIDE Online U18 America qual"]
[Site "Tornelo INT"]
[Date "2020.12.03"]
[Round "5"]
[White "Suarez, Pedro Martin"]
[Black "Brodsky, David"]
[Result "0-1"]
[WhiteElo "2070"]
[BlackElo "2455"]
[PlyCount "126"]
[EventDate "2020.12.01"]
[EventType "swiss (rapid)"]
[EventRounds "7"]
[EventCountry "ISS"]
[SourceTitle "EXT 2022"]
[Source "ChessBase"]
[SourceDate "2021.10.06"]
[SourceVersion "1"]
[SourceVersionDate "2021.10.06"]
[SourceQuality "1"]

1. d4 Nf6 2. c4 e6 3. Nc3 Bb4 4. e3 0-0 5. Bd3 d5 6. Nge2 dxc4 7. Bxc4 b6 8. 0-0 Bb7 9. a3 Be7 10. Ba2 Nbd7 11. Qc2 c5 12. Rd1 Qc7 13. f3 Rac8 14. e4 cxd4 15. Nxd4 Bd6 16. g3 Bc5 17. Kg2 Rfd8 18. Be3 Qb8 19. Rac1 Ne5 20. Qe2 Ng6 21. Bb1 Qe5 22. f4 Qb8 23. Nf3 Rxd1 24. Rxd1 Bxa3 25. Nb5 Bf8 26. h3 Nxe4 27. Bxe4 Bxe4 28. Nc3 Bc6 29. Kf2 Ne7 30. Nd4 Bb7 31. Qg4 Nd5 32. Nxd5 Bxd5 33. Rd2 Bb4 34. Re2 Bc5 35. Rd2 g6 36. h4 h5 37. Qg5 Qc7 38. Qf6 Be7 39. Qe5 Bd6 40. Qf6 Be7 41. Qe5 Qxe5 42. fxe5 Bf8 43. Nb5 a6 44. Nc3 Bb4 45. Nxd5 exd5 46. Rxd5 Bc5 47. Bxc5 Rxc5 48. Rd6 Rc2+ 49. Kf3 Rxb2 50. e6 fxe6 51. Rxe6 Kf7 52. Rc6 a5 53. Ke4 a4 54. Ke5 Rb5+ 55. Kf4 a3 56. Rc7+ Kf6 57. Rc6+ Kg7 58. Rc2 Ra5 59. Ra2 b5 60. Ke3 b4 61. Kd3 b3 62. Re2 a2 63. Re7+ Kf6 0-1

[Event "Online Olym Div3 D"]
[Site "Chess.com INT"]
[Date "2020.08.08"]
[Round "4.2"]
[White "Abderrahim Taleb, Mohamed"]
[Black "Suarez, Pedro Martin"]
[Result "0-1"]
[WhiteElo "1811"]
[BlackElo "2070"]
[PlyCount "136"]
[EventDate "2020.08.07"]
[EventType "team-tourn (rapid)"]
[EventRounds "9"]
[EventCountry "USA"]
[SourceTitle "CBM 198"]
[Source "ChessBase"]
[SourceDate "2020.10.31"]
[SourceVersion "1"]
[SourceVersionDate "2020.10.31"]
[SourceQuality "1"]
[WhiteTeam "Mauritania"]
[BlackTeam "Uruguay"]
[WhiteTeamCountry "MAU"]
[BlackTeamCountry "URU"]

1. e4 e6 2. d4 d5 3. Nd2 Nf6 4. Bd3 c5 5. dxc5 Bxc5 6. Qe2 Nc6 7. Ngf3 0-0 8. 0-0 Qc7 9. e5 Ng4 10. Bxh7+ Kxh7 11. Ng5+ Kg8 12. Qxg4 Qxe5 13. Ndf3 Qf5 14. Qxf5 exf5 15. Rd1 Rd8 16. Nh3 b6 17. Nf4 d4 18. Nd3 Be7 19. b3 Bb7 20. Bb2 Rac8 21. Rd2 Bf6 22. a3 a5 23. Rad1 g5 24. h3 g4 25. hxg4 fxg4 26. Nh2 Bg5 27. Re2 g3 28. fxg3 Be3+ 29. Kf1 Rd5 30. g4 Ba6 31. Nf3 f5 32. gxf5 Rxf5 33. Rxe3 dxe3 34. Ke2 Re8 35. Rh1 Bxd3+ 36. cxd3 Rb5 37. b4 axb4 38. a4 Ra5 39. Rh8+ Kf7 40. Rh7+ Kg6 41. Rg7+ Kh6 42. Nh4 Rg5 43. Rc7 Re6 44. d4 Kh5 45. d5 Rxd5 46. Nf3 Ne7 47. Rc1 Nf5 48. Rh1+ Kg6 49. Rh3 b3 50. g4 Nd6 51. g5 Nf5 52. Rh8 Ng3+ 53. Ke1 e2 54. Nd4 Rxd4 55. Bxd4 Kxg5 56. Rg8+ Kf4 57. Bb2 Rd6 58. Rf8+ Kg4 59. Rg8+ Kh3 60. Kf2 Rd3 61. Rh8+ Kg4 62. Rg8+ Kf4 63. Rf8+ Ke4 64. Re8+ Kd5 65. Rd8+ Kc4 66. Rxd3 Kxd3 67. Ke1 Kc2 68. Bd4 b2 0-1

[Event "URU-ch sf"]
[Site "Montevideo"]
[Date "2020.02.25"]
[Round "7"]
[White "Izquierdo, Daniel"]
[Black "Suarez, Pedro Martin"]
[Result "1/2-1/2"]
[WhiteElo "2134"]
[BlackElo "2063"]
[PlyCount "93"]
[EventDate "2020.02.21"]
[EventType "swiss"]
[EventRounds "8"]
[EventCountry "URU"]
[SourceTitle "CBM 195 Extra"]
[Source "ChessBase"]
[SourceDate "2020.05.31"]
[SourceVersion "1"]
[SourceVersionDate "2020.05.31"]
[SourceQuality "1"]

1. d4 Nf6 2. Nf3 e6 3. e3 b6 4. Bd3 Bb7 5. 0-0 Be7 6. Nbd2 d5 7. Ne5 0-0 8. f4 Ne4 9. Nxe4 dxe4 10. Bc4 Bd5 11. Qe2 f6 12. Ng4 c5 13. c3 Bxc4 14. Qxc4 Qd5 15. Qxd5 exd5 16. dxc5 bxc5 17. Rd1 Rd8 18. b3 Nc6 19. Bb2 a5 20. Rd2 Ra7 21. Rad1 Rad7 22. Kf1 h5 23. Nf2 f5 24. Ke2 Bf6 25. Rc1 Kf7 26. Nd1 g5 27. Ba3 gxf4 28. Bxc5 Ne5 29. Nf2 f3+ 30. gxf3 Nxf3 31. Rdd1 Rc8 32. Bb6 Rxc3 33. Bxa5 Rxc1 34. Rxc1 d4 35. exd4 Nxd4+ 36. Kf1 e3 37. Nd3 Nxb3 38. axb3 Rxd3 39. Rb1 f4 40. Ke2 Rd5 41. Be1 Ke6 42. b4 Kf5 43. Kf3 Rb5 44. Rc1 Be7 45. Rc4 Bd6 46. Bc3 Rd5 47. Bd4 1/2-1/2

[Event "Montevideo Duchamp Cup 4th"]
[Site "Montevideo"]
[Date "2020.02.15"]
[Round "9"]
[White "Suarez, Pedro Martin"]
[Black "Larrea, Manuel"]
[Result "0-1"]
[WhiteElo "2063"]
[BlackElo "2243"]
[PlyCount "70"]
[EventDate "2020.02.08"]
[EventType "swiss"]
[EventRounds "9"]
[EventCountry "URU"]
[SourceTitle "CBM 194 Extra"]
[Source "ChessBase"]
[SourceDate "2020.03.31"]
[SourceVersion "1"]
[SourceVersionDate "2020.03.31"]
[SourceQuality "1"]

1. d4 Nf6 2. c4 g6 3. Nc3 Bg7 4. e4 d6 5. Be2 0-0 6. Nf3 e5 7. 0-0 Nc6 8. d5 Ne7 9. b4 c6 10. Ba3 cxd5 11. cxd5 Ne8 12. Nd2 f5 13. Nc4 fxe4 14. b5 Bf5 15. b6 axb6 16. Nb5 Nc8 17. Qb3 Rf6 18. Rad1 Kh8 19. Bc1 Rf7 20. Be3 Nf6 21. Nc3 Nd7 22. g4 Qh4 23. gxf5 gxf5 24. f4 Bh6 25. Bf2 Rg7+ 26. Bg3 Rxg3+ 27. hxg3 Qxg3+ 28. Kh1 Ne7 29. Nxe4 Qh4+ 30. Kg2 fxe4 31. Qh3 Rg8+ 32. Kh2 Bxf4+ 33. Rxf4 Qxf4+ 34. Kh1 Nf5 35. Rg1 Ng3+ 0-1

[Event "Montevideo Duchamp Cup 4th"]
[Site "Montevideo"]
[Date "2020.02.08"]
[Round "1"]
[White "Cayetano, Juan"]
[Black "Suarez, Pedro Martin"]
[Result "0-1"]
[WhiteElo "1543"]
[BlackElo "2063"]
[PlyCount "68"]
[EventDate "2020.02.08"]
[EventType "swiss"]
[EventRounds "9"]
[EventCountry "URU"]
[SourceTitle "CBM 194 Extra"]
[Source "ChessBase"]
[SourceDate "2020.03.31"]
[SourceVersion "1"]
[SourceVersionDate "2020.03.31"]
[SourceQuality "1"]

1. e4 e6 2. d4 d5 3. exd5 exd5 4. Bd3 Bd6 5. Nf3 Nc6 6. c3 Nge7 7. Qc2 Bg4 8. Nh4 Qd7 9. h3 Be6 10. Be3 h6 11. g4 g6 12. f4 g5 13. Ng2 gxf4 14. Nxf4 Bxf4 15. Bxf4 0-0-0 16. Nd2 h5 17. gxh5 Rxh5 18. h4 Rdh8 19. 0-0-0 Rxh4 20. Rxh4 Rxh4 21. Bg5 Rh2 22. Qa4 Bf5 23. Bb5 Qd6 24. Bxe7 Nxe7 25. Qxa7 c6 26. Bf1 Qf4 27. Qa8+ Kc7 28. Qe8 Qg5 29. Qxf7 Bg4 30. Be2 Rxe2 31. Kc2 Qf5+ 32. Qxf5 Bxf5+ 33. Kb3 Bd3 34. c4 dxc4+ 0-1

[Event "Nueva Helvecia Colonia Cup"]
[Site "Nueva Helvecia"]
[Date "2019.09.28"]
[Round "2"]
[White "Suarez, Pedro Martin"]
[Black "Salvat, Marcelo"]
[Result "1-0"]
[WhiteElo "2031"]
[BlackElo "1799"]
[PlyCount "61"]
[EventDate "2019.09.28"]
[EventType "swiss"]
[EventRounds "5"]
[EventCountry "URU"]
[SourceTitle "EXT 2020"]
[Source "ChessBase"]
[SourceDate "2019.10.17"]
[SourceVersion "1"]
[SourceVersionDate "2019.10.17"]
[SourceQuality "1"]

1. d4 d5 2. c4 e5 3. dxe5 d4 4. a3 Nc6 5. Nf3 Nge7 6. e3 Nf5 7. exd4 Ncxd4 8. Be2 Nxf3+ 9. Bxf3 Nd4 10. Bd5 c5 11. Be3 Qb6 12. b4 Bg4 13. Qa4+ Bd7 14. Bxf7+ Kxf7 15. Qxd7+ Be7 16. Bxd4 cxd4 17. Qf5+ Ke8 18. 0-0 Rf8 19. Qe4 Bg5 20. c5 Qh6 21. Qxb7 Rd8 22. e6 Qxe6 23. Nc3 Be3 24. Nb5 Rd7 25. Nc7+ Rxc7 26. Qxc7 Rxf2 27. Rxf2 Bxf2+ 28. Kxf2 Qe3+ 29. Kf1 Qd3+ 30. Kg1 Qe3+ 31. Kh1 1-0

[Event "Punta del Este Interdepartamental"]
[Site "Punta del Este"]
[Date "2019.08.24"]
[Round "2.3"]
[White "Suarez, Pedro Martin"]
[Black "Arias Bouzada, Jorge"]
[Result "1/2-1/2"]
[WhiteElo "2040"]
[BlackElo "2088"]
[PlyCount "77"]
[EventDate "2019.08.23"]
[EventType "team-swiss"]
[EventRounds "5"]
[EventCountry "URU"]
[SourceTitle "EXT 2020"]
[Source "ChessBase"]
[SourceDate "2019.10.17"]
[SourceVersion "1"]
[SourceVersionDate "2019.10.17"]
[SourceQuality "1"]
[WhiteTeam "Montevideo CBR"]
[BlackTeam "Canelones Las Piedras"]
[WhiteTeamCountry "URU"]
[BlackTeamCountry "URU"]

1. d4 c5 2. d5 e5 3. e4 d6 4. Nc3 g6 5. Be2 Bg7 6. Nf3 a6 7. a4 Ne7 8. Nd2 0-0 9. Nc4 Qc7 10. 0-0 Nd7 11. Ra3 Rb8 12. Rb3 f5 13. Bg5 Rf7 14. Qd2 Nf6 15. Bxf6 Bxf6 16. f4 Qd7 17. fxe5 dxe5 18. Nb6 Qd8 19. Bc4 Qd6 20. Nxc8 Nxc8 21. exf5 gxf5 22. Rxf5 Qd7 23. Rxf6 Rxf6 24. Ne4 Rf4 25. Rg3+ Kh8 26. Qxf4 exf4 27. Rg8+ Kxg8 28. Nf6+ Kg7 29. Nxd7 Ra8 30. Nxc5 Nd6 31. Bd3 Kf6 32. Kf2 Rg8 33. Bxh7 Rh8 34. Bd3 Rxh2 35. Kf3 Ke5 36. Ne6 Kxd5 37. Nxf4+ Ke5 38. b3 Nf7 39. Ke3 1/2-1/2

[Event "Punta del Este Interdepartamental"]
[Site "Punta del Este"]
[Date "2019.08.23"]
[Round "1.3"]
[White "Visillac, Alejandro"]
[Black "Suarez, Pedro Martin"]
[Result "0-1"]
[WhiteElo "1797"]
[BlackElo "2040"]
[PlyCount "70"]
[EventDate "2019.08.23"]
[EventType "team-swiss"]
[EventRounds "5"]
[EventCountry "URU"]
[SourceTitle "EXT 2020"]
[Source "ChessBase"]
[SourceDate "2019.10.17"]
[SourceVersion "1"]
[SourceVersionDate "2019.10.17"]
[SourceQuality "1"]
[WhiteTeam "Canelones Pando"]
[BlackTeam "Montevideo CBR"]
[WhiteTeamCountry "URU"]
[BlackTeamCountry "URU"]

1. e4 e6 2. d3 d5 3. Nd2 Nf6 4. Ngf3 Bc5 5. e5 Nfd7 6. d4 Be7 7. g3 c5 8. c3 Nc6 9. Bg2 Qb6 10. Nb3 cxd4 11. cxd4 a5 12. Qd3 a4 13. Nbd2 Nb4 14. Qc3 Qa6 15. Bf1 Qc6 16. Kd1 Qb6 17. a3 Nc6 18. b3 axb3 19. Qxb3 Qa7 20. Bb2 f6 21. Bh3 Kf7 22. Re1 fxe5 23. Nxe5+ Ncxe5 24. dxe5 Qa4 25. Ke2 Qxb3 26. Nxb3 Nc5 27. Nd4 Bd7 28. Rec1 Rhc8 29. Rc3 Ne4 30. Rf3+ Kg8 31. Rb3 Nc5 32. Rc3 Ra4 33. Ke3 Rca8 34. Rac1 Rxd4 35. Kxd4 Ra4+ 0-1

[Event "South America-ch U20"]
[Site "Asuncion"]
[Date "2019.05.17"]
[Round "9"]
[White "Cosme Contreras, Trilce"]
[Black "Suarez, Pedro Martin"]
[Result "1/2-1/2"]
[WhiteElo "2051"]
[BlackElo "2077"]
[PlyCount "94"]
[EventDate "2019.05.11"]
[EventType "swiss"]
[EventRounds "9"]
[EventCountry "PAR"]
[SourceTitle "CBM 190 Extra"]
[Source "ChessBase"]
[SourceDate "2019.07.15"]
[SourceVersion "1"]
[SourceVersionDate "2019.07.15"]
[SourceQuality "1"]

1. c4 e5 2. Nc3 d6 3. g3 Be6 4. d3 Qd7 5. Bg2 Nc6 6. Nf3 Bh3 7. 0-0 Bxg2 8. Kxg2 g6 9. Rb1 Bg7 10. b4 f5 11. e4 Nf6 12. Nd5 0-0 13. b5 Ne7 14. Nxe7+ Qxe7 15. Bg5 h6 16. Bxf6 Qxf6 17. Nh4 f4 18. Qg4 Kh7 19. Nf3 h5 20. Qh4 Bh6 21. Qxf6 Rxf6 22. h4 fxg3 23. fxg3 Raf8 24. a4 Kg7 25. a5 Be3 26. Ra1 R8f7 27. a6 bxa6 28. Rxa6 Bb6 29. Ra2 Kf8 30. Nh2 Ke7 31. Rxf6 Rxf6 32. Nf3 Kd7 33. Ra1 Ke7 34. Rf1 Bc5 35. Nh2 Rxf1 36. Nxf1 Kf6 37. g4 g5 38. gxh5 gxh4 39. Kh3 Kg5 40. h6 Kxh6 41. Kxh4 Kg6 42. Kg4 Bf2 43. Nd2 Be3 44. Nb1 Bd4 45. Nd2 Be3 46. Nb3 Bb6 47. Nd2 Be3 1/2-1/2

[Event "South America-ch U20"]
[Site "Asuncion"]
[Date "2019.05.16"]
[Round "8"]
[White "Suarez, Pedro Martin"]
[Black "Melian, Juan Sebastian"]
[Result "1/2-1/2"]
[WhiteElo "2077"]
[BlackElo "1786"]
[PlyCount "43"]
[EventDate "2019.05.11"]
[EventType "swiss"]
[EventRounds "9"]
[EventCountry "PAR"]
[SourceTitle "CBM 190 Extra"]
[Source "ChessBase"]
[SourceDate "2019.07.15"]
[SourceVersion "1"]
[SourceVersionDate "2019.07.15"]
[SourceQuality "1"]

1. d4 Nf6 2. c4 e6 3. Nf3 Bb4+ 4. Bd2 a5 5. g3 0-0 6. Bg2 Bxd2+ 7. Nbxd2 Qe7 8. 0-0 d6 9. Qc2 e5 10. e3 c6 11. c5 dxc5 12. dxe5 Nfd7 13. Qe4 Re8 14. Rac1 Nxe5 15. Nxe5 Qxe5 16. Qxe5 Rxe5 17. Nc4 Re8 18. Nb6 Ra6 19. Nxc8 Rxc8 20. Bh3 Re8 21. Rxc5 Rb6 22. Rb1 1/2-1/2

[Event "South America-ch U20"]
[Site "Asuncion"]
[Date "2019.05.14"]
[Round "5"]
[White "Suarez, Pedro Martin"]
[Black "Cadilhac, Igor Tokuichi Kikuc"]
[Result "0-1"]
[WhiteElo "2077"]
[BlackElo "2288"]
[PlyCount "144"]
[EventDate "2019.05.11"]
[EventType "swiss"]
[EventRounds "9"]
[EventCountry "PAR"]
[SourceTitle "CBM 190 Extra"]
[Source "ChessBase"]
[SourceDate "2019.07.15"]
[SourceVersion "1"]
[SourceVersionDate "2019.07.15"]
[SourceQuality "1"]

1. d4 Nf6 2. c4 e6 3. Nc3 Bb4 4. e3 0-0 5. Bd3 d5 6. Nge2 dxc4 7. Bxc4 c5 8. 0-0 cxd4 9. exd4 Nc6 10. a3 Bd6 11. h3 h6 12. Be3 Ne7 13. Rc1 b6 14. Qd3 Bb7 15. Ba6 Qb8 16. Bc4 a6 17. Ba2 Rd8 18. Rfd1 Ra7 19. Bb1 Ng6 20. f3 Bh2+ 21. Kh1 Nh5 22. Re1 Kf8 23. d5 Bxd5 24. Nxd5 Rxd5 25. Qc3 Ne7 26. Be4 Rc7 27. Qb4 Rb5 28. Qd2 Be5 29. Rxc7 Qxc7 30. Rc1 Qd6 31. Qxd6 Bxd6 32. Rd1 Nd5 33. Bxd5 exd5 34. b4 Ng3+ 35. Nxg3 Bxg3 36. Bd4 a5 37. Bc3 axb4 38. Bxb4+ Ke8 39. Rd3 Bf4 40. g4 Kd7 41. Kg2 Bd6 42. Rd4 Kc6 43. h4 g5 44. hxg5 hxg5 45. Bxd6 Kxd6 46. a4 Ke5 47. Rd2 Ra5 48. Re2+ Kd4 49. Rb2 Kc3 50. Rxb6 d4 51. Rc6+ Kd2 52. Rc4 d3 53. Rd4 Ke2 54. Re4+ Kd1 55. Kf2 d2 56. Rc4 Re5 57. Rc3 Re8 58. a5 Ra8 59. Rc5 f6 60. Kf1 Ra6 61. Kf2 Ra7 62. Kf1 Ra8 63. Kf2 Ra7 64. Kf1 Ra6 65. Kf2 Re6 66. Kf1 Re5 67. Rc3 Rxa5 68. Kf2 Ra2 69. Rc8 Rc2 70. Ra8 Rc5 71. Ra2 Kc1 72. Ke3 Re5+ 0-1

[Event "URU-ch U20"]
[Site "Montevideo"]
[Date "2019.04.28"]
[Round "5"]
[White "Malan, Lucia"]
[Black "Suarez, Pedro Martin"]
[Result "1/2-1/2"]
[WhiteElo "1877"]
[BlackElo "2019"]
[PlyCount "40"]
[EventDate "2019.04.26"]
[EventType "swiss"]
[EventRounds "6"]
[EventCountry "URU"]
[SourceTitle "CBM 190 Extra"]
[Source "ChessBase"]
[SourceDate "2019.07.15"]
[SourceVersion "1"]
[SourceVersionDate "2019.07.15"]
[SourceQuality "1"]

1. e4 e6 2. d4 d5 3. Nd2 Nf6 4. e5 Nfd7 5. Bd3 c5 6. c3 Nc6 7. Ne2 cxd4 8. cxd4 Qb6 9. Nf3 Be7 10. 0-0 0-0 11. Nc3 f6 12. exf6 Bxf6 13. Na4 Qd8 14. Bc2 Nb4 15. Bb1 Qe7 16. a3 Nc6 17. Qd3 g6 18. Bh6 Bg7 19. Bxg7 Qxg7 20. Qe3 Qf6 1/2-1/2

[Event "URU-ch U20"]
[Site "Montevideo"]
[Date "2019.04.27"]
[Round "3"]
[White "Vazquez, Facundo"]
[Black "Suarez, Pedro Martin"]
[Result "1/2-1/2"]
[WhiteElo "2009"]
[BlackElo "2019"]
[PlyCount "81"]
[EventDate "2019.04.26"]
[EventType "swiss"]
[EventRounds "6"]
[EventCountry "URU"]
[SourceTitle "CBM 190 Extra"]
[Source "ChessBase"]
[SourceDate "2019.07.15"]
[SourceVersion "1"]
[SourceVersionDate "2019.07.15"]
[SourceQuality "1"]

1. d4 Nf6 2. c4 b6 3. Nf3 e6 4. g3 Bb7 5. Bg2 Bb4+ 6. Bd2 Bxd2+ 7. Nbxd2 0-0 8. 0-0 d6 9. Qc2 c5 10. e4 cxd4 11. Nxd4 Nc6 12. Nxc6 Bxc6 13. Rad1 Rc8 14. Qd3 Qc7 15. Nb3 Ba4 16. Rc1 Rfd8 17. Nd4 Ng4 18. b3 Bc6 19. Rfd1 a6 20. Qe2 Ne5 21. f4 Nd7 22. Kh1 Bb7 23. f5 e5 24. Nc2 Nf6 25. Nb4 a5 26. Nd3 Bc6 27. a4 Qb7 28. Nf2 g6 29. Qf3 Kg7 30. Re1 Rf8 31. g4 g5 32. Qe3 h6 33. Rcd1 Rcd8 34. Rd3 Ne8 35. Red1 f6 36. h4 Rh8 37. Kg1 Kf7 38. h5 Ke7 39. R1d2 Nc7 40. Nd1 Na6 41. Nf2 1/2-1/2

[Event "Montevideo zt 2.5"]
[Site "Montevideo"]
[Date "2019.04.16"]
[Round "6"]
[White "Restuccia, Francisco"]
[Black "Suarez, Pedro Martin"]
[Result "1/2-1/2"]
[WhiteElo "2100"]
[BlackElo "2019"]
[PlyCount "51"]
[EventDate "2019.04.13"]
[EventType "swiss"]
[EventRounds "9"]
[EventCountry "URU"]
[SourceTitle "CBM 189 Extra"]
[Source "ChessBase"]
[SourceDate "2019.06.03"]
[SourceVersion "1"]
[SourceVersionDate "2019.06.03"]
[SourceQuality "1"]

1. e4 d6 2. d4 Nf6 3. Nc3 Nbd7 4. Nf3 e5 5. Bc4 Be7 6. 0-0 0-0 7. Re1 c6 8. a4 b6 9. h3 Bb7 10. Ba2 a6 11. dxe5 dxe5 12. Nh4 b5 13. Nf5 b4 14. Nb1 Nc5 15. Nd2 g6 16. Nxe7+ Qxe7 17. Qf3 Ne6 18. Bxe6 Qxe6 19. Nf1 c5 20. Ng3 Ne8 21. Bh6 Ng7 22. Qe3 Qe7 23. Rad1 Rfd8 24. Bxg7 Kxg7 25. Qe2 h5 26. c3 1/2-1/2

[Event "Montevideo zt 2.5"]
[Site "Montevideo"]
[Date "2019.04.16"]
[Round "5"]
[White "Suarez, Pedro Martin"]
[Black "Jodorcovsky Werjivker, Paulo"]
[Result "1/2-1/2"]
[WhiteElo "2019"]
[BlackElo "2257"]
[PlyCount "86"]
[EventDate "2019.04.13"]
[EventType "swiss"]
[EventRounds "9"]
[EventCountry "URU"]
[SourceTitle "CBM 189 Extra"]
[Source "ChessBase"]
[SourceDate "2019.06.03"]
[SourceVersion "1"]
[SourceVersionDate "2019.06.03"]
[SourceQuality "1"]

1. d4 d5 2. c4 e6 3. Nf3 c6 4. e3 f5 5. Be2 Nf6 6. Nbd2 Bd6 7. c5 Bc7 8. b4 a6 9. Bb2 Nbd7 10. Ng5 Qe7 11. f4 0-0 12. Qc2 h6 13. Ngf3 Ne4 14. g3 Nxd2 15. Qxd2 Nf6 16. a4 Ne4 17. Qc2 Bd7 18. a5 Be8 19. Rg1 Bh5 20. Nh4 Bxe2 21. Qxe2 Kh7 22. Kd1 g5 23. Nf3 g4 24. Ne1 Rg8 25. Kc2 Rg6 26. Ng2 h5 27. Bc3 Rag8 28. Be1 Rh6 29. Nh4 Qe8 30. Rc1 Bd8 31. Rg2 Bxh4 32. gxh4 Rhg6 33. Bg3 R6g7 34. Ra1 Qd8 35. Qe1 Nf6 36. Qe2 Ne8 37. Qe1 Nc7 38. Qe2 Nb5 39. Qd2 Qf6 40. Rgg1 Rd7 41. Rgf1 Qg6 42. Qd3 Qf6 43. Kb3 Qg6 1/2-1/2

[Event "URU-ch sf"]
[Site "Montevideo"]
[Date "2019.03.05"]
[Round "8"]
[White "Suarez, Pedro Martin"]
[Black "Gomez Troccoli, Martin"]
[Result "1/2-1/2"]
[WhiteElo "2034"]
[BlackElo "1985"]
[PlyCount "77"]
[EventDate "2019.03.01"]
[EventType "swiss"]
[EventRounds "8"]
[EventCountry "URU"]
[SourceTitle "CBM 189 Extra"]
[Source "ChessBase"]
[SourceDate "2019.06.03"]
[SourceVersion "1"]
[SourceVersionDate "2019.06.03"]
[SourceQuality "1"]

1. d4 Nf6 2. c4 c5 3. d5 e5 4. Nc3 d6 5. e4 Be7 6. f4 Nbd7 7. Nf3 exf4 8. Bxf4 Nh5 9. Be3 0-0 10. Be2 g6 11. Qc2 Ng7 12. 0-0-0 f5 13. Bd3 fxe4 14. Nxe4 Nf5 15. Bf2 b5 16. Ng3 Ng7 17. cxb5 Nb6 18. h4 a6 19. h5 g5 20. Bxh7+ Kh8 21. Bg6 axb5 22. h6 Ne8 23. Bxe8 Qxe8 24. Rhe1 Qf7 25. Ne4 Bf5 26. Qc3+ Bf6 27. Nxf6 Qxf6 28. Qxf6+ Rxf6 29. Nxg5 Bg6 30. Rf1 Rxa2 31. Bd4 Ra1+ 32. Kd2 Nc4+ 33. Ke1 Rxd1+ 34. Kxd1 Ne3+ 35. Kc1 Nxf1 36. Bxf6+ Kg8 37. Be7 Ne3 38. Bxd6 c4 39. Be5 1/2-1/2

[Event "Montevideo Duchamp Cup 3rd"]
[Site "Montevideo"]
[Date "2019.02.15"]
[Round "8"]
[White "Suarez, Pedro Martin"]
[Black "Hoffman, Alejandro"]
[Result "1/2-1/2"]
[WhiteElo "1950"]
[BlackElo "2461"]
[PlyCount "62"]
[EventDate "2019.02.09"]
[EventType "swiss"]
[EventRounds "9"]
[EventCountry "URU"]
[SourceTitle "CBM 188 Extra"]
[Source "ChessBase"]
[SourceDate "2019.02.26"]
[SourceVersion "1"]
[SourceVersionDate "2019.02.26"]
[SourceQuality "1"]

1. d4 Nf6 2. c4 e6 3. Nf3 Bb4+ 4. Bd2 Qe7 5. g3 0-0 6. Bg2 Bxd2+ 7. Nbxd2 d6 8. 0-0 e5 9. e4 a5 10. h3 Bd7 11. d5 Na6 12. Ne1 Nc5 13. Qe2 c6 14. Nd3 Nxd3 15. Qxd3 Rfc8 16. Rac1 cxd5 17. cxd5 Qd8 18. Qb3 b5 19. Qe3 Be8 20. f4 Nd7 21. Nf3 f6 22. fxe5 Nxe5 23. Nxe5 fxe5 24. Qf2 Qe7 25. h4 h6 26. Qb6 Rxc1 27. Rxc1 Qa7 28. Qxa7 Rxa7 29. Bh3 Kf8 30. Kf2 Ke7 31. Ke3 b4 1/2-1/2

[Event "Montevideo Duchamp Cup 3rd"]
[Site "Montevideo"]
[Date "2019.02.13"]
[Round "6"]
[White "Suarez, Pedro Martin"]
[Black "Benoit, Rodrigo"]
[Result "1-0"]
[WhiteElo "1950"]
[BlackElo "2189"]
[PlyCount "53"]
[EventDate "2019.02.09"]
[EventType "swiss"]
[EventRounds "9"]
[EventCountry "URU"]
[SourceTitle "CBM 188 Extra"]
[Source "ChessBase"]
[SourceDate "2019.02.26"]
[SourceVersion "1"]
[SourceVersionDate "2019.02.26"]
[SourceQuality "1"]

1. d4 d5 2. c4 c6 3. Nf3 Nf6 4. e3 g6 5. Nbd2 Bg7 6. Bd3 0-0 7. 0-0 Bf5 8. Qc2 e6 9. b3 Re8 10. Re1 Nbd7 11. Bb2 a5 12. Rad1 Qe7 13. e4 Nxe4 14. Nxe4 dxe4 15. Bxe4 Bxe4 16. Rxe4 a4 17. Re3 Qb4 18. a3 axb3 19. Qe2 Qa4 20. Nd2 c5 21. Nxb3 cxd4 22. Bxd4 Bxd4 23. Nxd4 Nc5 24. Rb1 Red8 25. Nb5 Rd7 26. Nc3 Rad8 27. Nxa4 1-0